| 000 | 00871nam a2200277Ia 4500 | ||
|---|---|---|---|
| 003 | OSt | ||
| 005 | 20221005062426.0 | ||
| 006 | a|||||r|||| 00| 0 | ||
| 007 | ta | ||
| 008 | 221004b |||||||| |||| 00| 0 eng d | ||
| 020 |
_a9781472475794 (hbk) _cUKP 95.00 |
||
| 024 | _a29250 | ||
| 037 |
_b1243, 23/02/2017, Bright Book Service _cTextual |
||
| 040 |
_aCRL _cCRL _beng |
||
| 041 |
_2eng _aeng |
||
| 082 | _aV59B.P1, Q7 | ||
| 100 |
_aChifu Iulian Ed. _9601811 |
||
| 245 | 0 |
_aTorn between east and west _b Europe's border states |
|
| 260 |
_aLondon _bRoutlege UK _c2017 |
||
| 300 |
_axix, 270p. _ccm. |
||
| 650 | _a HISTORY | ||
| 650 | _aEUROPE - HISTORY | ||
| 700 |
_a Tutuianu Simona Ed. _9601812 |
||
| 942 |
_hV59B.P1, Q7 _cTEXL _2cc |
||
| 999 |
_c969685 _d969685 |
||